000
00285nam a2200133Ia 4500
100
_a
Gaur/R.K/ Gupta/ S.L.
942
_c
BK
654
_a
Physics
245
_a
Engineering physics
260
_b
Dhanpat Rai & Sons
_a
Delhi
_c
1986
082
_a
530
300
_a
819
546
_a
ENGLISH
999
_c
23634
_d
23634